Annual report for the year 1935-36,pt ii . (Record no. 513757)

MARC details
000 -LEADER
fixed length control field 00725nam a2200241Ia 4500
003 - CONTROL NUMBER IDENTIFIER
control field OSt
005 - DATE AND TIME OF LATEST TRANSACTION
control field 20220925190223.0
008 - FIXED-LENGTH DATA ELEMENTS--GENERAL INFORMATION
fixed length control field 220923b |||||||| |||| 00| 0 eng d
037 ## - SOURCE OF ACQUISITION
Terms of availability General Book
040 ## - CATALOGING SOURCE
Original cataloging agency RTL
Transcribing agency RTL
Language of cataloging eng
041 ## - LANGUAGE CODE
Source of code eng
Language code of text/sound track or separate title eng
110 ## - MAIN ENTRY--CORPORATE NAME
Corporate name or jurisdiction name as entry element BENGAL , AGRICULTURE (Dept).
9 (RLIN) 237738
245 #0 - TITLE STATEMENT
Title Annual report for the year 1935-36,pt ii .
260 ## - PUBLICATION, DISTRIBUTION, ETC.
Place of publication, distribution, etc. Bengal
Name of publisher, distributor, etc. Bengal Goverment press.
Date of publication, distribution, etc. 1936
300 ## - PHYSICAL DESCRIPTION
Extent 260p
Dimensions cm.
500 ## - GENERAL NOTE
General note App.p13-p195
700 ## - ADDED ENTRY--PERSONAL NAME
Personal name BENGAL , AGRICULTURE (Dept).
9 (RLIN) 237739
942 ## - ADDED ENTRY ELEMENTS (KOHA)
Classification part X9(J).275.N36<--N35r, G6 GD
Koha item type General Books
Source of classification or shelving scheme Colon Classification (CC)

No items available.

Copyright @ Delhi University Library System